Managers that have won the UCL with 2 different clubs - Statistics

General Stats
  • This quiz has been taken 13 times
  • The average score is 6 of 7
Answer Stats
Hint Answer % Correct
Milan- 2002/03, 2006/07 Real Madrid- 2013/14, 2021/22, 2023/24 Carlo Ancelotti
100%
Barcelona- 2014/15 Paris Saint-Germain- 2024/25 Luis Enrique
100%
Barcelona- 2008/09, 2010/11 Manchester City- 2022/23 Pep Guardiola
100%
Porto- 2003/04 Inter- 2009/10 Jose Mourinho
91%
Real Madrid- 1997/98 Bayern Munich- 2012/13 Jupp Heynckes
73%
Borussia Dortmund- 1996/97 Bayern Munich- 2000/01 Ottmar Hitzfeld
73%
Feyenoord- 1969/70 Hamburg- 1982/83 Ernst Happel
45%
No matching quizzes found
Score Distribution
Percent of People with Each Score
Percentile by Number Answered
Your Score History
You have not taken this quiz